Gaming Quiz

Random Gaming or Mario Quiz

Super Mario Rainbow Quiz Stats

Quiz Updated Jun 21, 2016

Also try: Mario Kart Racers
Challenge
Share
Tweet
Score 0/30 Timer 05:00
2 Plays Today
% Correct
Luigi
90.7%
Bowser
90.6%
Princess Peach
90.2%
Yoshi
89.7%
Toad
89.5%
Wario
88.9%
Baby Mario
88.7%
Waluigi
84%
Koopa Paratroopa
79.5%
Koopa Troopa
79.4%
Princess Daisy
78%
Shy Guy
76.8%
Bowser Jr.
71.8%
Toadette
67%
Chain Chomp
66.5%
% Correct
Birdo
61.7%
Hammer Bro
61.1%
Rosalina
59.2%
Petey Piranha
57.7%
Piranha Plant
56.7%
Cheep Cheep
49.7%
Lakitu
49%
Kamek
46.8%
Luma
44.7%
Ludwig von Koopa
44.7%
Toadsworth
40.4%
Spiny
36.5%
Buzzy Beetle
28.7%
Pokey
25.1%
Flutter
14.7%

You're not logged in!

Compare scores with friends on all Sporcle quizzes.
Join for Free
OR
Log In

You Might Also Like...

Show Comments

Extras

Top Quizzes Today


Score Distribution

Your Account Isn't Verified!

In order to create a playlist on Sporcle, you need to verify the email address you used during registration. Go to your Sporcle Settings to finish the process.

Report this User

Report this user for behavior that violates our Community Guidelines.

Details: